• 首页
  • 本馆介绍
  • 公告通知
  • 最新文献
  • 馆藏检索
  • 电子资源
  • 读者导购
  • 参考咨询
  • 我的图书馆
  • 登录
  • 详细信息显示
  • 放入我的书架
  • 预约/预借图书
  • 作者相关作品
  • 分类相关作品
  • 丛书相关作品
  • 出版社相关作品

书目信息

  • 表格格式
  • 工作单格式
  • 卡片格式
题名:
化工产品检测技术
    
 
作者: 李蓉 主编
分册:  
出版信息: 北京   中国环境出版社  2016
页数: 236页
开本: 23cm
丛书名:
单 册:
中图分类: TQ075
科图分类:
主题词: 化工产品--教材--高等职业教育--检测
电子资源:
ISBN: 978-7-5111-2569-9
000 00917nam0 2200229 450
001 3457
005 20160926090608.20
010    @a978-7-5111-2569-9@b平装@dCNY27.00
100    @a20160328d2016 em y0chiy50 ea
101 0  @achi
102    @aCN@b110000
105    @aa z 000yy
200 1  @a化工产品检测技术@9hua gong chan pin jian ce ji shu@f李蓉主编
210    @a北京@c中国环境出版社@d2016
215    @a236页@c图@d23cm
300    @a全国高职高专规划教材——工学结合教材
330    @a本教材精心选择典型化工产品分析工作过程,包括工业稀硝酸、工业氢氧化钠、工业轻质氧化镁、硫酸铜、工业碳酸钠、工业硬脂酸、甘油、工业用环己酮、工业用甲醛溶液、工业用季戊四醇等十个化工产品的分析检验。每个项目又包括项目内容、工作任务、知识链接三部分内容。
606 0  @a化工产品@j教材@x高等职业教育@x检测
690    @aTQ075@v5
701  0 @a李蓉@9li rong@4主编
801  0 @aCN@b唐山师范学院图书馆@c20151001
905    @aZUCC@dTQ075@e269
    
    化工产品检测技术/李蓉主编.-北京:中国环境出版社,2016
    236页:图;23cm
    全国高职高专规划教材——工学结合教材
    
    ISBN 978-7-5111-2569-9(平装):CNY27.00
    本教材精心选择典型化工产品分析工作过程,包括工业稀硝酸、工业氢氧化钠、工业轻质氧化镁、硫酸铜、工业碳酸钠、工业硬脂酸、甘油、工业用环己酮、工业用甲醛溶液、工业用季戊四醇等十个化工产品的分析检验。每个项目又包括项目内容、工作任务、知识链接三部分内容。
●
相关链接 在E读中查询图书 在五车中查询图书 在当当中查询图书 在豆瓣中查询图书


正题名:化工产品检测技术     索取号:TQ075/269         预约/预借

序号 登录号 条形码 馆藏地/架位号 状态 备注
1 905062   209050621   第二样本阅览室/ [索取号:TQ075/269] 在馆    
2 905063   209050630   第三借阅区/ [索取号:TQ075/269] 在馆    
3 905064   209050649   第三借阅区/ [索取号:TQ075/269] 在馆    
4 905065   209050658   第三借阅区/ [索取号:TQ075/269] 在馆    
唐山师范学院图书馆 欢迎您!
大连网信软件有限公司© 版权所有